Microbial Growth in Drinking-Water Supplies : Problems, Causes, Control and Research Needs

Gespeichert in:
Bibliographische Detailangaben
Format: Buch
Sprache:Englisch
Veröffentlicht: London : IWA Publishing, 2014
Ausgabe:1. ed.
Tags: Tag hinzufügen
Keine Tags, Fügen Sie das erste Tag hinzu!

MARC

LEADER 00000nam a22000003a 4500
001 stu286625
005 20150408183137.1
008 140320s--------uk------------------eng-d
020 |a 9781780400402 
040 |a STU  |b slo 
041 0 |a eng 
044 |a uk 
245 |a Microbial Growth in Drinking-Water Supplies :  |b Problems, Causes, Control and Research Needs 
250 |a 1. ed. 
260 |a London :  |b IWA Publishing,  |c 2014 
300 |a 453 s 
996 |c V*51899/O-23168  |l VV17  |s P  |a 0  |w stu286625_0001